| 000 | 00341nam a22001217a 4500 | ||
|---|---|---|---|
| 020 | _a0072510072 | ||
| 082 |
_222 _a620.0042 |
||
| 100 | _akelley, david S, | ||
| 245 | _aPro/engineer 2001 instructor | ||
| 260 |
_aMC Graw hill higher education, _bMC Graw hill higher education, _cc2002 |
||
| 300 |
_axiv, 564 ,p ; _bNA _c24cm. |
||
| 942 |
_2ddc _cCIVIL |
||
| 999 |
_c3589 _d3589 |
||